000 00386nam a2200157Ia 4500
008 140316s9999 xx 000 0 und d
020 _a8182644992
082 _a814
_bGUP/GU
100 _aGupthan Nair ,S
245 _aGupthan nayarude lekhanangal
260 _aKozhikode
_bMathrubhumi Books
_c2007
300 _a164
650 _aEssays
650 _aniroopanangal
942 _2ddc
_cBK
999 _c7921
_d7921